| 000 | 00508nam a2200169 i 4500 | ||
|---|---|---|---|
| 001 | 50737 | ||
| 003 | ES-MaACL | ||
| 005 | 20230906162230.0 | ||
| 007 | t| | ||
| 008 | 030806s1967 sp ||||1| spa d | ||
| 100 | 1 |
_aChalendar, Xavier de. _937815 |
|
| 245 | 1 | 0 |
_aParábolas / _cX. de Chalendar ; [traducción de Florián Díaz de Cerio]. |
| 260 |
_aZaragoza : _bHechos y Dichos, _c[1967] |
||
| 300 |
_a87 p. ; _c18 cm. |
||
| 700 | 1 |
_aDíaz de Cerio, Florián. _944222 |
|
| 852 |
_aES-MaACL _jC-32151 _bR.62595 |
||
| 999 |
_c50737 _d50737 |
||